[Event "Junior Online 4NCL Division 4"]
[Site "online"]
[Date "2020.10.29"]
[Round "6.176"]
[White "Morin, Julian"]
[Black "Hutchison, Alec"]
[Result "0-1"]
[WhiteElo "900"]
[BlackElo "925"]
[PlyCount "70"]
[EventDate "2020.10.29"]
[WhiteTeam "Barnet Knights G"]
[BlackTeam "Surbiton Juniors E"]

1. e4 e5 2. Nf3 Nc6 3. Bc4 h6 4. Nc3 Nf6 5. O-O Nxe4 6. Nxe4 d5 7. Bxd5 Qxd5 8.
Nc3 Qe6 9. Re1 Bd6 10. d3 Bd7 11. Bd2 O-O 12. Qe2 f6 13. Qe3 Qf7 14. Re2 Qg6
15. Rae1 Bh3 16. g3 b6 17. Nb5 Bc5 18. Nxc7 Bxe3 19. Rxe3 Rac8 20. Ne6 Rfe8 21.
Ned4 Nxd4 22. Nxd4 exd4 23. Re4 Rxe4 24. Rxe4 Re8 25. Rxd4 Qf7 26. c3 Qe7 27.
Re4 Qd7 28. Rd4 Qe7 29. Re4 Qd8 30. Rd4 Qa8 31. Re4 Rxe4 32. dxe4 Qxe4 33. f3
Qe2 34. b3 Qxd2 35. c4 Qe1# 0-1

[Event "Junior Online 4NCL Division 4"]
[Site "online"]
[Date "2020.10.29"]
[Round "6.177"]
[White "Ong-Seng, Miles"]
[Black "Thompson, Alex"]
[Result "1-0"]
[WhiteElo "900"]
[BlackElo "790"]
[PlyCount "55"]
[EventDate "2020.10.29"]
[WhiteTeam "Surbiton Juniors E"]
[BlackTeam "Barnet Knights G"]

1. e4 e5 2. Nf3 Nc6 3. Bc4 Bc5 4. Nc3 Nf6 5. O-O O-O 6. Ng5 h6 7. Nxf7 Rxf7 8.
Bxf7+ Kxf7 9. d3 Qe7 10. Nd5 Nxd5 11. exd5 Nd4 12. c3 Nf5 13. d4 Bd6 14. Re1
Qf6 15. dxe5 Bxe5 16. f4 Bd6 17. Rf1 Ne3 18. Bxe3 b6 19. Bd4 Qxf4 20. Rxf4+
Bxf4 21. Qh5+ g6 22. Qf3 g5 23. Re1 Bb7 24. c4 c6 25. dxc6 Bxc6 26. Qe2 Bb7 27.
Qe7+ Kg8 28. Qg7# 1-0

[Event "Junior Online 4NCL Division 4"]
[Site "online"]
[Date "2020.10.29"]
[Round "6.181"]
[White "Farsi-Holford, William"]
[Black "Kirk, Alex"]
[Result "0-1"]
[WhiteElo "1075"]
[BlackElo "857"]
[PlyCount "62"]
[EventDate "2020.10.29"]
[WhiteTeam "Wimbledon Juniors"]
[BlackTeam "Tetherdown Knights"]

1. e4 e5 2. Nf3 Nc6 3. Nc3 Nf6 4. Bc4 Nxe4 5. Nxe4 d5 6. Bxd5 Qxd5 7. Nc3 Qd6
8. O-O Bg4 9. h3 Bxf3 10. Qxf3 Qg6 11. d3 O-O-O 12. Re1 Bb4 13. a3 Bxc3 14.
bxc3 Rhe8 15. Bd2 f5 16. Rab1 e4 17. Qe3 exd3 18. Qc5 Rxe1+ 19. Rxe1 dxc2 20.
Rc1 Rxd2 21. Qf8+ Nd8 22. Qc5 Rd1+ 23. Rxd1 cxd1=Q+ 24. Kh2 Qgd6+ 25. Qxd6
Qxd6+ 26. g3 Nc6 27. f4 Qd2+ 28. Kg1 Qxc3 29. a4 Nd4 30. Kf2 Qf3+ 31. Ke1 Qe2#
0-1

[Event "Junior Online 4NCL Division 4"]
[Site "online"]
[Date "2020.10.29"]
[Round "6.182"]
[White "Glynne, Jacob"]
[Black "Kou, Victor"]
[Result "0-1"]
[WhiteElo "800"]
[BlackElo "925"]
[PlyCount "62"]
[EventDate "2020.10.29"]
[WhiteTeam "Tetherdown Knights"]
[BlackTeam "Wimbledon Juniors"]

1. e4 e5 2. Bc4 Nc6 3. Qh5 g6 4. Qf3 Qf6 5. Qxf6 Nxf6 6. Nf3 Bg7 7. O-O d6 8.
Ng5 O-O 9. Nc3 a6 10. d3 Nd4 11. Be3 Nxc2 12. Rac1 Nxe3 13. fxe3 Bd7 14. Rf3 b5
15. Bb3 a5 16. Rh3 a4 17. Bc2 Bxh3 18. Nxh3 c6 19. d4 exd4 20. exd4 b4 21. Ne2
Rfe8 22. e5 dxe5 23. Ng5 exd4 24. Nxd4 c5 25. Nb5 Ra5 26. Nc7 Re7 27. Nb5 Rxb5
28. b3 a3 29. Nf3 h5 30. Ng5 Bh6 31. Nf3 Bxc1 0-1

[Event "Junior Online 4NCL Division 4"]
[Site "online"]
[Date "2020.10.29"]
[Round "6.183"]
[White "Kou, Edward"]
[Black "Newsom, Thomas"]
[Result "1-0"]
[WhiteElo "925"]
[BlackElo "800"]
[PlyCount "43"]
[EventDate "2020.10.29"]
[WhiteTeam "Wimbledon Juniors"]
[BlackTeam "Tetherdown Knights"]

1. e4 e5 2. Nf3 Nc6 3. Bc4 Nf6 4. Ng5 Qe7 5. Bxf7+ Kd8 6. Nc3 h6 7. Nf3 Qxf7 8.
O-O Nxe4 9. h3 Nxc3 10. bxc3 Bc5 11. d4 exd4 12. cxd4 Bb4 13. c3 Bxc3 14. Rb1
Qe7 15. d5 Nb4 16. Bd2 Bxd2 17. Nxd2 Nxd5 18. Re1 Qd6 19. Nc4 Qc5 20. Rc1 Re8
21. Ne5 Qd6 22. Nf7# 1-0

[Event "Junior Online 4NCL Division 4"]
[Site "online"]
[Date "2020.10.29"]
[Round "6.184"]
[White "Keane, Moss"]
[Black "Tan, Adam"]
[Result "1-0"]
[WhiteElo "737"]
[BlackElo "925"]
[PlyCount "69"]
[EventDate "2020.10.29"]
[WhiteTeam "Tetherdown Knights"]
[BlackTeam "Wimbledon Juniors"]

1. e4 e5 2. Bc4 Bc5 3. Qf3 Nf6 4. Nc3 O-O 5. Nd5 Nxd5 6. Bxd5 d6 7. Qg3 Be6 8.
Bxb7 Nc6 9. Bxc6 Qf6 10. Qf3 Qg6 11. Bxa8 d5 12. exd5 Bg4 13. Qg3 Qe4+ 14. Kf1
Qc4+ 15. Qd3 Be2+ 16. Qxe2 Bxf2 17. Qxc4 Rxa8 18. Qxc7 a5 19. Kxf2 a4 20. d4
exd4 21. Qg3 d3 22. Bh6 Kf8 23. Rd1 gxh6 24. Rxd3 a3 25. bxa3 Rb8 26. d6 f5 27.
d7 h5 28. d8=Q+ Rxd8 29. Rxd8+ Ke7 30. Ra8 f4 31. Qd3 h4 32. Qa6 f3 33. Ra7+
Kd8 34. Qb6+ Kc8 35. Qc7# 1-0

[Event "Junior Online 4NCL Division 4"]
[Site "online"]
[Date "2020.10.29"]
[Round "6.185"]
[White "Kirk, Alex"]
[Black "Farsi-Holford, William"]
[Result "1-0"]
[WhiteElo "857"]
[BlackElo "1075"]
[PlyCount "43"]
[EventDate "2020.10.29"]
[WhiteTeam "Tetherdown Knights"]
[BlackTeam "Wimbledon Juniors"]

1. e4 e5 2. Nf3 Nc6 3. Nc3 Nf6 4. Bd3 Bc5 5. O-O O-O 6. Bb5 a6 7. Bxc6 dxc6 8.
Nxe5 Bd4 9. Nf3 c5 10. d3 Bxc3 11. bxc3 h6 12. Ba3 b6 13. Re1 Bg4 14. h3 Bxf3
15. Qxf3 Qd7 16. d4 cxd4 17. Bxf8 dxc3 18. Red1 Qc6 19. Bb4 Nxe4 20. Re1 f5 21.
Re3 Nd2 22. Qxc6 1-0

[Event "Junior Online 4NCL Division 4"]
[Site "online"]
[Date "2020.10.29"]
[Round "6.186"]
[White "Kou, Victor"]
[Black "Glynne, Jacob"]
[Result "1-0"]
[WhiteElo "925"]
[BlackElo "800"]
[PlyCount "47"]
[EventDate "2020.10.29"]
[WhiteTeam "Wimbledon Juniors"]
[BlackTeam "Tetherdown Knights"]

1. e4 e5 2. Nf3 Nc6 3. Bc4 Nf6 4. Nc3 Bc5 5. O-O O-O 6. d3 d6 7. h3 h6 8. a3 a6
9. b4 b5 10. bxc5 bxc4 11. cxd6 cxd3 12. dxc7 dxc2 13. cxd8=Q cxd1=Q 14. Qxf8+
Kxf8 15. Rxd1 Na5 16. Nxe5 Nh5 17. Rb1 Nb7 18. Nd5 Nc5 19. Nc7 Ra7 20. Rd8+ Ke7
21. Rxc8 Nxe4 22. Nc6+ Kd7 23. Nxa7 Nd2 24. Bxd2 1-0

[Event "Junior Online 4NCL Division 4"]
[Site "online"]
[Date "2020.10.29"]
[Round "6.188"]
[White "Tan, Adam"]
[Black "Keane, Moss"]
[Result "0-1"]
[WhiteElo "925"]
[BlackElo "737"]
[PlyCount "74"]
[EventDate "2020.10.29"]
[WhiteTeam "Wimbledon Juniors"]
[BlackTeam "Tetherdown Knights"]

1. e4 e5 2. Bc4 Bc5 3. Qf3 Qf6 4. Bxf7+ Qxf7 5. Qxf7+ Kxf7 6. Nf3 Ke6 7. d4
exd4 8. Ng5+ Ke7 9. O-O Ke8 10. Na3 Bxa3 11. bxa3 h6 12. Nf3 Ne7 13. e5 Nbc6
14. Re1 d6 15. e6 Nf5 16. e7 Ncxe7 17. c4 Kf8 18. Bb2 d5 19. c5 b6 20. c6 Nxc6
21. Ne5 Nxe5 22. Rxe5 Bd7 23. Rae1 Re8 24. g4 Rxe5 25. Rxe5 Nd6 26. Bxd4 Bxg4
27. Bc3 Kf7 28. Bb4 Nc4 29. Re7+ Kg6 30. a4 Bh3 31. Bc3 Rf8 32. Rxg7+ Kh5 33.
Rh7 Re8 34. f4 Rf8 35. Bd2 Nxd2 36. f5 Rxf5 37. a3 Rf1# 0-1

[Event "Junior Online 4NCL Division 4"]
[Site "online"]
[Date "2020.10.29"]
[Round "6.191"]
[White "Leustean, Maia"]
[Black "Vinodh, Sampriti"]
[Result "1-0"]
[WhiteElo "1105"]
[BlackElo "103"]
[PlyCount "79"]
[EventDate "2020.10.29"]
[WhiteTeam "Tetherdown Bishops"]
[BlackTeam "East Kilbride Elephants"]

1. e4 e5 2. Nf3 Nc6 3. Bc4 Nf6 4. Ng5 Qe7 5. Nc3 h6 6. Nf3 Qd8 7. O-O Bc5 8.
Nd5 O-O 9. Nxf6+ Qxf6 10. d3 Qe7 11. a3 d6 12. h3 Be6 13. Bb3 Nd4 14. Nxd4 Bxd4
15. c3 Bb6 16. d4 exd4 17. cxd4 Bxb3 18. Qxb3 Bxd4 19. Qxb7 Rfb8 20. Qd5 Bxb2
21. Bxb2 Rxb2 22. Qxa8+ Kh7 23. Qxa7 Re2 24. Rfe1 Rc2 25. Qa4 Rc5 26. Qb4 g5
27. g4 c6 28. a4 Kg6 29. a5 Rb5 30. Qc4 Rc5 31. Qd4 d5 32. exd5 Rxd5 33. Qxd5
cxd5 34. Rxe7 f5 35. Re6+ Kf7 36. Rxh6 Kg7 37. Ra6 Kf7 38. Rb1 Ke7 39. Rb7+ Kd8
40. Ra8# 1-0

[Event "Junior Online 4NCL Division 4"]
[Site "online"]
[Date "2020.10.29"]
[Round "6.193"]
[White "Bedretdinov, Rasul"]
[Black "Chaudhury, Raunak"]
[Result "1-0"]
[WhiteElo "917"]
[BlackElo "100"]
[PlyCount "53"]
[EventDate "2020.10.29"]
[WhiteTeam "Tetherdown Bishops"]
[BlackTeam "East Kilbride Elephants"]

1. e4 e5 2. Nf3 Nf6 3. Nxe5 Nc6 4. Nxc6 bxc6 5. Nc3 Bc5 6. Bc4 d6 7. O-O Bg4 8.
Qe1 d5 9. exd5+ Kd7 10. dxc6+ Kxc6 11. Bb5+ Kb6 12. d3 Bd6 13. Be3+ Kb7 14. f3
Bf5 15. Qe2 Bxd3 16. Qxd3 a6 17. Ba4 Nd7 18. Qd5+ c6 19. Qxc6+ Kb8 20. Qxd6+
Kc8 21. Qc6+ Kb8 22. Bf4+ Ka7 23. Rad1 Rc8 24. Rxd7+ Qxd7 25. Qxd7+ Kb6 26.
Nd5+ Ka5 27. b4# 1-0

[Event "Junior Online 4NCL Division 4"]
[Site "online"]
[Date "2020.10.29"]
[Round "6.194"]
[White "Pandey, Annie"]
[Black "Thorburn, Rory"]
[Result "0-1"]
[WhiteElo "100"]
[BlackElo "962"]
[PlyCount "80"]
[EventDate "2020.10.29"]
[WhiteTeam "East Kilbride Elephants"]
[BlackTeam "Tetherdown Bishops"]

1. e4 e5 2. Nf3 Nc6 3. Nc3 d6 4. d3 Bg4 5. Bg5 Qxg5 6. Nxg5 Bxd1 7. Rxd1 f6 8.
Ne6 Kd7 9. Nxf8+ Rxf8 10. Nd5 Nd4 11. Be2 Nxc2+ 12. Kd2 Nd4 13. Bg4+ f5 14. Bh5
fxe4 15. Bg4+ Kc6 16. Rc1+ Kxd5 17. Rxc7 exd3 18. Rxg7 Rxf2+ 19. Ke1 Rxg2 20.
Rxb7 Rxg4 21. h3 Re4+ 22. Kf1 d2 23. Kf2 Ne6 24. Rd1 Rd4 25. Rxa7 Nh6 26. a4
Nf4 27. a5 Nxh3+ 28. Ke2 Nf4+ 29. Kf2 Rf8 30. Ke3 Nd3 31. a6 Nxb2 32. Ra8 Rxa8
33. Rb1 d1=Q 34. Rxd1 Nxd1+ 35. Ke2 Nb2 36. Kf3 Rxa6 37. Kg3 Nc4 38. Kf3 Ra3+
39. Ke2 Rd2+ 40. Ke1 Ra1# 0-1

[Event "Junior Online 4NCL Division 4"]
[Site "online"]
[Date "2020.10.29"]
[Round "6.195"]
[White "Vinodh, Sampriti"]
[Black "Leustean, Maia"]
[Result "0-1"]
[WhiteElo "103"]
[BlackElo "1105"]
[PlyCount "108"]
[EventDate "2020.10.29"]
[WhiteTeam "East Kilbride Elephants"]
[BlackTeam "Tetherdown Bishops"]

1. e4 e5 2. Bc4 Nf6 3. Nc3 Bc5 4. Nf3 Nc6 5. Nxe5 Nxe5 6. d4 Bxd4 7. Qxd4 Nc6
8. Qd1 d6 9. Bd5 Nb4 10. Bg5 h6 11. Bxf6 Qxf6 12. a3 Nxd5 13. exd5 c6 14. Qd2
O-O 15. Ne4 Qxb2 16. Qc3 Qb5 17. Nxd6 Qxd5 18. Nxc8 Raxc8 19. O-O Rfe8 20. Rfd1
Qe5 21. Rd4 c5 22. Rd8 Qxc3 23. Rxe8+ Rxe8 24. Rf1 Re6 25. h3 Rg6 26. g4 h5 27.
f3 hxg4 28. hxg4 Qd4+ 29. Kg2 Qd2+ 30. Kg3 f5 31. Rf2 Qd6+ 32. Kg2 Qf6 33. Kg3
fxg4 34. fxg4 Qxf2+ 35. Kxf2 Rxg4 36. Kf3 Ra4 37. Ke3 b5 38. Kd3 Rxa3+ 39. Kd2
Rh3 40. Kc1 b4 41. Kb2 c4 42. Kc1 b3 43. Kb2 bxc2 44. Kxc2 c3 45. Kc1 Rh2 46.
Kd1 a5 47. Kc1 a4 48. Kb1 a3 49. Ka1 c2 50. Ka2 c1=Q+ 51. Kb3 Rh4 52. Ka2 Qe3
53. Kb1 Rh2 54. Ka1 Qe1# 0-1

[Event "Junior Online 4NCL Division 4"]
[Site "online"]
[Date "2020.10.29"]
[Round "6.197"]
[White "Chaudhury, Raunak"]
[Black "Bedretdinov, Rasul"]
[Result "0-1"]
[WhiteElo "100"]
[BlackElo "917"]
[PlyCount "32"]
[EventDate "2020.10.29"]
[WhiteTeam "East Kilbride Elephants"]
[BlackTeam "Tetherdown Bishops"]

1. e4 e5 2. Nc3 Nf6 3. Nf3 Nc6 4. Bc4 Bc5 5. d3 d6 6. Bf4 exf4 7. a4 Nd4 8. Ba2
O-O 9. Bxf7+ Rxf7 10. Ng5 Rf8 11. Qg4 Nxg4 12. Nd5 Qxg5 13. Nxf4 Qxf4 14. g3
Qxf2+ 15. Kd1 Qe2+ 16. Kc1 Qxc2# 0-1

[Event "Junior Online 4NCL Division 4"]
[Site "online"]
[Date "2020.10.29"]
[Round "6.198"]
[White "Thorburn, Rory"]
[Black "Pandey, Annie"]
[Result "1-0"]
[WhiteElo "962"]
[BlackElo "100"]
[PlyCount "45"]
[EventDate "2020.10.29"]
[WhiteTeam "Tetherdown Bishops"]
[BlackTeam "East Kilbride Elephants"]

1. e4 e5 2. Nf3 Nf6 3. Nc3 Nc6 4. Bc4 Bc5 5. d3 O-O 6. Na4 Bb4+ 7. c3 Ba5 8. b4
Bb6 9. Nxb6 axb6 10. Bg5 Qe8 11. Bd5 Na7 12. Bxf6 Nb5 13. Bxe5 Nxc3 14. Bxc3 d6
15. Nd4 Ra4 16. Bb3 Ra8 17. Nc2 Be6 18. Bxe6 Qxe6 19. Nd4 f5 20. Nxe6 f4 21.
Nxf8 Kxf8 22. Qg4 Kg8 23. Qxg7# 1-0

[Event "Junior Online 4NCL Division 4"]
[Site "online"]
[Date "2020.10.29"]
[Round "6.201"]
[White "Stevens, Tobias"]
[Black "Kataria, Dhairya"]
[Result "1-0"]
[WhiteElo "1468"]
[BlackElo "1150"]
[PlyCount "177"]
[EventDate "2020.10.29"]
[WhiteTeam "Wanstead Warriors"]
[BlackTeam "May The Fork Be With You 6"]

1. e4 c6 2. Nf3 d5 3. exd5 cxd5 4. d4 Nf6 5. Nc3 Nc6 6. Bg5 Bf5 7. Bb5 a6 8.
Bxc6+ bxc6 9. O-O h6 10. Bxf6 exf6 11. Re1+ Be7 12. Qe2 Ra7 13. Nh4 Be6 14. Qe3
g5 15. Nf3 O-O 16. Re2 Qc7 17. Rae1 Bd6 18. Na4 Bg4 19. g3 f5 20. Rd2 f4 21.
Qd3 fxg3 22. hxg3 Bxg3 23. fxg3 Qxg3+ 24. Rg2 Qxf3 25. Qxf3 Bxf3 26. Rf2 Be4
27. Nc5 Bg6 28. c3 h5 29. Rfe2 f6 30. Re6 h4 31. Rf1 Raf7 32. Nxa6 g4 33. Rf4
Kh8 34. Rxg4 Bf5 35. Rxh4+ Kg7 36. Rxc6 Ra7 37. Nb4 Bd7 38. Ra6 Rc7 39. Ra5 Kf7
40. Nxd5 Rg8+ 41. Kh1 Bc6 42. Kh2 Rd7 43. Rh7+ Kf8 44. Rxd7 Bxd7 45. Ra8+ Kg7
46. Rxg8+ Kxg8 47. a4 Bxa4 48. Nxf6+ Kf7 49. Ne4 Ke6 50. Kg3 Kf5 51. Kf3 Bc6
52. b4 Bxe4+ 53. Ke3 Bd5 54. Kd3 Kf4 55. c4 Bc6 56. c5 Kf5 57. Kc4 Ke6 58. b5
Bd5+ 59. Kb4 Ba8 60. b6 Kd7 61. Kb5 Bb7 62. Kc4 Bc6 63. d5 Bb7 64. d6 Ba8 65.
Kb5 Bb7 66. Ka5 Ba8 67. Ka6 Kc6 68. d7 Kxd7 69. b7 Bxb7+ 70. Kxb7 Kd8 71. c6
Ke7 72. c7 Kd7 73. c8=Q+ Kd6 74. Kb6 Kd5 75. Qc6+ Kd4 76. Kb5 Ke5 77. Qd7 Ke4
78. Qd6 Kf5 79. Qe7 Kg4 80. Qf6 Kh5 81. Qg7 Kh4 82. Qg6 Kh3 83. Qg5 Kh2 84. Qg4
Kh1 85. Kc4 Kh2 86. Kd3 Kh1 87. Ke3 Kh2 88. Kf2 Kh1 89. Qh4# 1-0

[Event "Junior Online 4NCL Division 4"]
[Site "online"]
[Date "2020.10.29"]
[Round "6.202"]
[White "Valanju, Saish"]
[Black "Wieleba, Hugo"]
[Result "0-1"]
[WhiteElo "1060"]
[BlackElo "1384"]
[PlyCount "60"]
[EventDate "2020.10.29"]
[WhiteTeam "May The Fork Be With You 6"]
[BlackTeam "Wanstead Warriors"]

1. e4 e5 2. Nf3 Nf6 3. Nxe5 Nc6 4. Nf3 Nxe4 5. d4 d5 6. Bd3 Nf6 7. O-O g6 8.
Bg5 Bg4 9. h3 Bxf3 10. Qxf3 Nxd4 11. Qf4 Ne6 12. Qh4 Bg7 13. Nc3 Nxg5 14. Qxg5
O-O 15. Rfe1 Qd7 16. Re2 Rfe8 17. Rae1 d4 18. Nb5 Rxe2 19. Rxe2 c6 20. Na3 Re8
21. Nc4 Rxe2 22. Bxe2 Qe6 23. a4 Qxe2 24. Nd6 Ne4 25. Qd8+ Bf8 26. Nxb7 Qxf2+
27. Kh2 Qg3+ 28. Kh1 Nf2+ 29. Kg1 Nxh3+ 30. Kf1 Qf2# 0-1

[Event "Junior Online 4NCL Division 4"]
[Site "online"]
[Date "2020.10.29"]
[Round "6.203"]
[White "Ta, Duc"]
[Black "Bengani, Arihant"]
[Result "0-1"]
[WhiteElo "1359"]
[BlackElo "1075"]
[PlyCount "50"]
[EventDate "2020.10.29"]
[WhiteTeam "Wanstead Warriors"]
[BlackTeam "May The Fork Be With You 6"]

1. e4 e5 2. Nf3 Nc6 3. Bc4 Be7 4. O-O Nf6 5. d3 O-O 6. Nc3 d6 7. Bg5 h6 8. Bh4
Bg4 9. Nd5 Nxd5 10. Bxd5 Bxh4 11. h3 Bh5 12. Qe2 Nd4 13. Qe3 Nxf3+ 14. gxf3 c6
15. Bb3 a5 16. c4 a4 17. Bd1 Qf6 18. Be2 Qg6+ 19. Kh1 f5 20. exf5 Rxf5 21. Rg1
Qf6 22. Qd2 Bxf3+ 23. Bxf3 Rxf3 24. Raf1 Rxh3+ 25. Kg2 Qf3# 0-1

[Event "Junior Online 4NCL Division 4"]
[Site "online"]
[Date "2020.10.29"]
[Round "6.204"]
[White "Bagchi, Aadi"]
[Black "Wong, Joseph"]
[Result "1/2-1/2"]
[WhiteElo "1075"]
[BlackElo "1299"]
[PlyCount "87"]
[EventDate "2020.10.29"]
[WhiteTeam "May The Fork Be With You 6"]
[BlackTeam "Wanstead Warriors"]

1. e4 d5 2. exd5 Qxd5 3. Nc3 Qa5 4. b3 c6 5. d3 Nf6 6. Be2 Bf5 7. Bb2 e6 8. Nf3
Bb4 9. Qd2 Qc7 10. a3 Bd6 11. O-O Nd5 12. Nxd5 cxd5 13. h3 Nc6 14. Rfe1 O-O-O
15. Bf1 Rhe8 16. Bxg7 Rg8 17. Bb2 Qb6 18. a4 h5 19. Nh4 Bh7 20. Be2 f5 21. Bxh5
Qc7 22. Nf3 Rde8 23. Bxe8 Rxe8 24. Rad1 Bb4 25. c3 Bd6 26. b4 a6 27. d4 Rg8 28.
Ng5 Bg6 29. Rxe6 Bh5 30. Rde1 f4 31. Re8+ Bxe8 32. Nf3 Bh5 33. Qe2 Qg7 34. Qe6+
Kc7 35. g4 Bf7 36. Qe2 Re8 37. Qd2 Rxe1+ 38. Qxe1 Nd8 39. a5 Ne6 40. Bc1 Ng5
41. Nxg5 Qxg5 42. Kg2 Qf6 43. Qe2 f3+ 44. Qxf3 1/2-1/2

[Event "Junior Online 4NCL Division 4"]
[Site "online"]
[Date "2020.10.29"]
[Round "6.205"]
[White "Kataria, Dhairya"]
[Black "Stevens, Tobias"]
[Result "0-1"]
[WhiteElo "1150"]
[BlackElo "1468"]
[PlyCount "68"]
[EventDate "2020.10.29"]
[WhiteTeam "May The Fork Be With You 6"]
[BlackTeam "Wanstead Warriors"]

1. e4 e6 2. d4 d5 3. e5 c5 4. c3 Nc6 5. Nf3 Qb6 6. b3 Nge7 7. Be3 Nf5 8. Nbd2
cxd4 9. cxd4 Nfxd4 10. Nxd4 Nxd4 11. Nb1 Bc5 12. Bxd4 Bxd4 13. a4 Bxa1 14. Na3
Bxe5 15. Bd3 Qb4+ 16. Ke2 Qxa3 17. Qc2 Qb2 18. Qxb2 Bxb2 19. Rb1 Bf6 20. Rc1
O-O 21. Rc7 Be5 22. Re7 Bxh2 23. Kf3 Bd6 24. Rxe6 fxe6+ 25. Kg4 Rxf2 26. b4
Rxg2+ 27. Kh4 Rh2+ 28. Kg4 Bxb4 29. a5 Bxa5 30. Bb1 Bd7 31. Bd3 e5+ 32. Kg5
Rg2+ 33. Kh5 g6+ 34. Kh4 Be1# 0-1

[Event "Junior Online 4NCL Division 4"]
[Site "online"]
[Date "2020.10.29"]
[Round "6.206"]
[White "Wieleba, Hugo"]
[Black "Valanju, Saish"]
[Result "0-1"]
[WhiteElo "1384"]
[BlackElo "1060"]
[PlyCount "160"]
[EventDate "2020.10.29"]
[WhiteTeam "Wanstead Warriors"]
[BlackTeam "May The Fork Be With You 6"]

1. e4 e6 2. Nf3 d5 3. exd5 exd5 4. d4 Nc6 5. Nc3 Nf6 6. g3 Nb8 7. Bg2 c5 8.
dxc5 Bxc5 9. O-O d4 10. Nb5 Qb6 11. Nbxd4 O-O 12. Nb3 Rd8 13. Qe2 Be6 14. Nxc5
Qxc5 15. Ne5 Bd5 16. Bxd5 Rxd5 17. Nd3 Qd4 18. Rd1 Nc6 19. Be3 Qc4 20. b3 Qc3
21. Nf4 Rxd1+ 22. Rxd1 Re8 23. Nd5 Nxd5 24. Rxd5 Qa1+ 25. Rd1 Qxa2 26. Qd2 Qa3
27. Bd4 Nb4 28. Bc5 Qa5 29. Bxb4 Qe5 30. Bc3 Qh5 31. Re1 Rxe1+ 32. Qxe1 Qb5 33.
Qe7 h6 34. Kg2 Qc6+ 35. Kf1 Qxc3 36. Qxb7 Qxc2 37. Qxa7 Qxb3 38. Qa8+ Kh7 39.
Qe4+ g6 40. Qf4 g5 41. Qf5+ Kg7 42. f3 Qd1+ 43. Kg2 Qd2+ 44. Kh3 Qa2 45. Qe5+
Kg6 46. Kg4 Qa4+ 47. f4 gxf4 48. gxf4 h5+ 49. Kh4 f6 50. Qxh5+ Kg7 51. Kg4 Qd7+
52. f5 Qd4+ 53. Kh3 Qd3+ 54. Kh4 Qd4+ 55. Kg3 Qd3+ 56. Kf4 Qc4+ 57. Ke3 Qc3+
58. Ke4 Qc4+ 59. Kf3 Qd3+ 60. Kf4 Qd4+ 61. Kg3 Qd3+ 62. Kg4 Qd1+ 63. Kf4 Qxh5
64. Kg3 Kf7 65. h4 Ke7 66. Kf4 Qxh4+ 67. Kf3 Kd6 68. Ke3 Qg4 69. Kd3 Qf4 70.
Kc3 Qe4 71. Kd2 Qf3 72. Ke1 Qg2 73. Kd1 Qf2 74. Kc1 Qe2 75. Kb1 Qd2 76. Ka1 Kc5
77. Kb1 Kb4 78. Ka1 Kb3 79. Kb1 Qc2+ 80. Ka1 Qa2# 0-1

[Event "Junior Online 4NCL Division 4"]
[Site "online"]
[Date "2020.10.29"]
[Round "6.207"]
[White "Bengani, Arihant"]
[Black "Ta, Duc"]
[Result "0-1"]
[WhiteElo "1075"]
[BlackElo "1359"]
[PlyCount "68"]
[EventDate "2020.10.29"]
[WhiteTeam "May The Fork Be With You 6"]
[BlackTeam "Wanstead Warriors"]

1. e4 e6 2. d4 d5 3. exd5 exd5 4. Bd3 c5 5. c3 c4 6. Bc2 Nc6 7. Bf4 Nf6 8. Nf3
Bg4 9. h3 Bh5 10. O-O Be7 11. Nbd2 O-O 12. Qe2 Re8 13. Ba4 Ba3 14. Qd1 Bxb2 15.
Rb1 Bxc3 16. Ne5 Nxe5 17. Bxe8 Qxe8 18. Qc2 Bxd4 19. Qf5 Qe6 20. Qxe6 fxe6 21.
Rfe1 Nd3 22. Rxe6 Nxf4 23. Rxb7 Re8 24. Rxe8+ Nxe8 25. Rb8 Nd3 26. g4 Bxf2+ 27.
Kg2 Bf7 28. Rd8 Bh4 29. Ra8 c3 30. Nb3 c2 31. Rc8 Nb4 32. a3 Nd3 33. Rxc2 Ne1+
34. Kf1 Nxc2 0-1

[Event "Junior Online 4NCL Division 4"]
[Site "online"]
[Date "2020.10.29"]
[Round "6.208"]
[White "Wong, Joseph"]
[Black "Bagchi, Aadi"]
[Result "1-0"]
[WhiteElo "1299"]
[BlackElo "1075"]
[PlyCount "79"]
[EventDate "2020.10.29"]
[WhiteTeam "Wanstead Warriors"]
[BlackTeam "May The Fork Be With You 6"]

1. e4 e5 2. Nf3 Nc6 3. d4 exd4 4. Nxd4 Bc5 5. Be3 Qf6 6. Bc4 Nge7 7. c3 O-O 8.
Nd2 d6 9. b4 Bb6 10. a4 a6 11. a5 Ba7 12. b5 axb5 13. Bxb5 Nxd4 14. cxd4 Bxd4
15. Bxd4 Qxd4 16. Rc1 c6 17. Be2 Re8 18. Rc4 Qa7 19. Ra4 Qb8 20. Nc4 Qc7 21.
Nxd6 Rd8 22. e5 f6 23. Qb3+ Kf8 24. O-O Ng8 25. Qb4 fxe5 26. Nxc8+ Ke8 27. Nb6
Rd4 28. Qb3 Rxa4 29. Qxa4 Qxb6 30. Bh5+ g6 31. Bd1 Qxa5 32. Qc4 Ke7 33. f4 exf4
34. Rxf4 Rf8 35. Qe4+ Kd8 36. Rxf8+ Kc7 37. Rxg8 Kd6 38. Qf4+ Kc5 39. Qe5+ Kb6
40. Qxa5+ 1-0

[Event "Junior Online 4NCL Division 4"]
[Site "online"]
[Date "2020.10.29"]
[Round "6.211"]
[White "Man, Felix"]
[Black "Payne, Luca"]
[Result "1-0"]
[WhiteElo "940"]
[BlackElo "1007"]
[PlyCount "73"]
[EventDate "2020.10.29"]
[WhiteTeam "Muswell Hill Primary"]
[BlackTeam "The Hall 3"]

1. e4 e5 2. Nf3 Nc6 3. Bc4 Bc5 4. Nc3 d6 5. h3 Be6 6. Bb3 Nd4 7. O-O Qf6 8.
Nxd4 Bxd4 9. Nd5 Bxd5 10. Bxd5 O-O-O 11. c3 c6 12. Bc4 d5 13. exd5 cxd5 14. Bd3
e4 15. Bc2 h5 16. d3 exd3 17. Bxd3 Ne7 18. cxd4 Qxd4 19. Bf5+ Nxf5 20. Qxd4
Nxd4 21. Be3 Ne2+ 22. Kh2 Rdg8 23. Bxa7 g5 24. Rae1 Nf4 25. g3 Nd3 26. Rd1 Nxb2
27. Rxd5 g4 28. Bd4 Rh7 29. Bxb2 gxh3 30. Rc5+ Kd7 31. Rd1+ Ke6 32. Re5+ Kf6
33. Re8+ Kf5 34. Rxg8 h4 35. Rh8 hxg3+ 36. Kxg3 Rxh8 37. Bxh8 1-0

[Event "Junior Online 4NCL Division 4"]
[Site "online"]
[Date "2020.10.29"]
[Round "6.212"]
[White "Agarwal, Mihir"]
[Black "Shetty, Ahan"]
[Result "1-0"]
[WhiteElo "1037"]
[BlackElo "1000"]
[PlyCount "105"]
[EventDate "2020.10.29"]
[WhiteTeam "The Hall 3"]
[BlackTeam "Muswell Hill Primary"]

1. e4 e5 2. Nf3 Nc6 3. Nc3 d6 4. Bc4 Bg4 5. h3 Be6 6. Nd5 Bxd5 7. Bxd5 Nf6 8.
Bc4 d5 9. exd5 Nxd5 10. O-O Bc5 11. c3 O-O 12. d4 exd4 13. cxd4 Bb6 14. Bg5 Qd7
15. Be3 Nxe3 16. fxe3 Rae8 17. Qd2 Ba5 18. Qd3 Nb4 19. Qa3 Nc6 20. d5 Bb4 21.
dxc6 Bxa3 22. cxd7 Rd8 23. bxa3 Rxd7 24. Ne5 Re7 25. Ng4 Re4 26. Be2 f5 27. Nf2
Rxe3 28. Bc4+ Kh8 29. Nd1 Rxa3 30. Nf2 Ra4 31. Bb3 Rb4 32. Nd3 Rd4 33. Ne5 Re8
34. Nf7+ Kg8 35. Nd6+ Kf8 36. Rxf5+ Ke7 37. Nxe8 Kxe8 38. Re1+ Kd7 39. Rf7+ Kd6
40. Re6+ Kc5 41. Rxc7+ Kb5 42. Rxb7+ Kc5 43. Rxg7 Rd1+ 44. Bxd1 Kd5 45. Bg4 Kd4
46. Rd7+ Kc5 47. Re5+ Kb4 48. Rd4+ Kc3 49. Ree4 Kc2 50. Re3 Kb2 51. Rd2+ Kc1
52. Rf2 Kb1 53. Re1# 1-0

[Event "Junior Online 4NCL Division 4"]
[Site "online"]
[Date "2020.10.29"]
[Round "6.213"]
[White "Bagshaw, Freddie"]
[Black "Bahl, Arkin"]
[Result "1-0"]
[WhiteElo "1000"]
[BlackElo "1022"]
[PlyCount "59"]
[EventDate "2020.10.29"]
[WhiteTeam "Muswell Hill Primary"]
[BlackTeam "The Hall 3"]

1. e4 e5 2. Nf3 Nc6 3. Bc4 Bc5 4. d3 Nf6 5. Ng5 O-O 6. O-O d6 7. a3 Bg4 8. Qe1
Bh5 9. b4 Bb6 10. Nc3 Ng4 11. h3 Bxf2+ 12. Rxf2 Nxf2 13. Qxf2 h6 14. Nf3 Ne7
15. Nd5 Nxd5 16. Bxd5 c6 17. Bb3 Qf6 18. a4 g5 19. a5 g4 20. hxg4 Bxg4 21. a6
bxa6 22. Rxa6 Bc8 23. Rxc6 Qg6 24. Nh4 Qg7 25. Rxd6 Bh3 26. Rg6 Qxg6 27. Nxg6
Rfc8 28. Ne7+ Kf8 29. Nxc8 Rxc8 30. Qxf7# 1-0